000 00916nam a2200265 4500
001 u3486
003 SIRSI
005 20180220094105.0
008 901126s1991 nyua c 001 0 eng c
020 _a0824782771 (alk. paper)
039 9 _a200208181525
_bsafaa
_y200203190934
_zload
040 _aEAL
050 _aTP248.65.P76
_bP87 1991
245 0 0 _aPurification and analysis of recombinant proteins /
_cedited by Ramnath Seetharam, Satish K. Sharma.
260 0 _aNew York :
_bM. Dekker,
_cc1991.
300 _axiv, 324 p. :
_bill. ;
_c24 cm.
440 0 _aBioprocess technology ;
_vv. 12
504 _aIncludes bibliographical references and index.
596 _a1
650 0 _aRecombinant proteins
_xPurification.
650 0 _aRecombinant proteins
_xAnalysis.
700 1 0 _aSeetharam, Ramnath,
_d1952-
700 1 0 _aSharma, Satish K.,
_d1951-
942 _cBK
_2lcc
999 _c29613
_d29613